000
00319nam a2200121Ia 4500
008
180309s9999 xx 000 0 und d
020
_a
9781473919556
100
_a
Iordanou, Ioanna
245
_a
Values and Ethics in coaching /
260
_a
London :
_b
2017
_c
SAGE pub
300
_a
viii, 203 pages
650
_a
Coaching
999
_c
356157
_d
356157